• 首页
  • 本馆介绍
  • 公告通知
  • 最新文献
  • 馆藏检索
  • 电子资源
  • 读者导购
  • 参考咨询
  • 我的图书馆
  • 登录
  • 详细信息显示
  • 放入我的书架
  • 预约/预借图书
  • 作者相关作品
  • 分类相关作品
  • 丛书相关作品
  • 出版社相关作品

书目信息

  • 表格格式
  • 工作单格式
  • 卡片格式
题名:
宋人禽鸟小品
    
 
作者: 李晓明 绘
分册:  
出版信息: 天津   天津杨柳青画社  2013.06
页数: 13页
开本: 42cm
丛书名:
单 册:
中图分类: J212.27
科图分类:
主题词: 绘画--技法(美术)
电子资源:
ISBN: 7-5547-0085-5
000 00604nam0 2200205 450
001 2134547287
005 20210329094038.98
010    @a7-5547-0085-5@dCNY28.00
100    @a20210329d2013 km y0chiy0120 ea
101 0  @achi
102    @aCN@b120000
102    @aCN@b120000
200 1  @a宋人禽鸟小品@ASong Ren Qin Niao Xiao Pin@f李晓明绘@FLi Xiao Ming Hui
210    @a天津@c天津杨柳青画社@d2013.06
215    @a13页@d42cm
606 0  @a绘画@x技法(美术)
690    @aJ212.27@v4
701  0 @a李晓明@ALi Xiao Ming@4绘
801  0 @aCN@b大连网信软件有限公司图书馆·11@c20210329
905    @aZUCC@dJ212.27@e1188
    
    宋人禽鸟小品/李晓明绘.-天津:天津杨柳青画社,2013.06
    13页;42cm
    
    
    ISBN 7-5547-0085-5:CNY28.00
    
●
相关链接 在E读中查询图书 在五车中查询图书 在当当中查询图书 在豆瓣中查询图书


正题名:宋人禽鸟小品     索取号:J212.27/1188         预约/预借

序号 登录号 条形码 馆藏地/架位号 状态 备注
1 1055336   210553364   第一样本阅览室/ [索取号:J212.27/1188] 在馆    
唐山师范学院图书馆 欢迎您!
大连网信软件有限公司© 版权所有